LEADER 03559nam 2200601 a 450 001 9910461712603321 005 20200520144314.0 010 $a1-280-49205-8 010 $a9786613587282 010 $a0-8139-3163-0 035 $a(CKB)2670000000176401 035 $a(EBL)3444022 035 $a(SSID)ssj0000606326 035 $a(PQKBManifestationID)11406088 035 $a(PQKBTitleCode)TC0000606326 035 $a(PQKBWorkID)10582296 035 $a(PQKB)10233027 035 $a(MiAaPQ)EBC3444022 035 $a(OCoLC)784960282 035 $a(MdBmJHUP)muse4011 035 $a(Au-PeEL)EBL3444022 035 $a(CaPaEBR)ebr10554887 035 $a(CaONFJC)MIL358728 035 $a(EXLCZ)992670000000176401 100 $a20110324d2011 uy 0 101 0 $aeng 135 $aur|n|---||||| 181 $ctxt 182 $cc 183 $acr 200 00$aEcocritical theory$b[electronic resource] $enew European approaches /$fedited by Axel Goodbody and Kate Rigby 210 $aCharlottesville $cUniversity of Virginia Press$d2011 215 $a1 online resource (322 p.) 225 1 $aUnder the sign of nature: explorations in ecocriticism 300 $aDescription based upon print version of record. 311 $a0-8139-3148-7 311 $a0-8139-3135-5 320 $aIncludes bibliographical references and index. 327 $aPassing glories and romantic retreivals: avant-garde nostalgia and hedonist renewal / Kate Soper -- Green things in the garbage: ecocritical gleaning in Walter Benjamin's arcades / Catriona Sandilands -- Raymond Williams: materialism and ecocriticism / Martin Ryle -- Sense of place and lieu de me?moire: a cultural memory approach to environmental texts / Axel Goodbody -- From literary anthropology to cultural ecology: German ecocritical theory since Wolfgang Iser / Timo Mu?ller -- The social theory of Norbert Elias and the question of the nonhuman world / Linda Williams -- From the modern to the ecological: Latour on Walden pond / Laura Dassow Walls -- Martin Heidegger, D.H. Lawrence, and poetic attention to being / Trevor Norris -- Merleau-Ponty's ecophenomenology / Louise Westling -- Gernot Bo?hme's ecological aesthetics of atmosphere / Kate Rigby -- Dialoguing with Bakhtin over our ethical responsibility to anothers / Patrick D. Murphy -- Coexistance and coexistents: ecology without a world / Timothy Morton -- The matter of texts: a material intertextuality and ecocritical engagements with the Bible / Anne Elvey -- There can be no democracy without a culture of difference / Luce Irigaray -- The ecological Irigaray? / Christopher Cohoon -- Cybernetics and social systems theory / Hannes Bergthaller -- Ecocentric postmodern theory: interrelations between ecological, quantum, and postmodern theories / Serpil Oppermann -- Affinity studies and open systems: a non-equilibrium, ecocritical reading of Goethe's Faust / Heather I. Sullivan -- Blake, Deleuze, and the emergence of ecological consciousness / Mark Lussier -- The biosemiotic turn: Abduction, or, the nature of creative reason in nature and culture / Wendy Wheeler. 410 0$aUnder the sign of nature. 606 $aEcocriticism$zEurope 608 $aElectronic books. 615 0$aEcocriticism 676 $a809/.9336 701 $aGoodbody$b Axel$f1950-$0946164 701 $aRigby$b Catherine E$0946165 801 0$bMiAaPQ 801 1$bMiAaPQ 801 2$bMiAaPQ 906 $aBOOK 912 $a9910461712603321 996 $aEcocritical theory$92137564 997 $aUNINA LEADER 01719nam0 22003371i 450 001 UON00383624 005 20231205104539.558 100 $a20100729f1996 |0itac50 ba 101 $aita 102 $aIT 105 $a|||| 1|||| 200 1 $aTitoli d'attore$ela biblioteca Gandusio$fa cura di Paola Bignami$gnota introduttiva di Lamberto Trezzini 205 $aBologna : Il Nove$bstampa 1996 210 $a469 p.$cill. ; 24 cm 215 $aIn cop.: Istituto per i beni artistici, culturali e naturali della Regione Emilia-Romagna, Soprintendenza per i beni librari e documentari, Università degli Studi di Bologna D.A.M.S., Casa di riposo Lyda Borelli per artisti drammatici. 316 $aDono prof. Claudio Vicentini$5IT-UONSI Teat792 BGAN BIG 410 1$1001UON00171595$12001 $aEmilia Romagna Biblioteche Archivi $1210 $aBologna$cAnalisi$v31 606 $aBologna$xCasa di Riposo "Lyda Borelli"$xBiblioteca$xCataloghi$3UONC076195$2FI 606 $aGANDUSIO ANTONIO$xBiblioteca$3UONC076185$2FI 620 $aIT$dBologna$3UONL000085 676 $a026.792$cBiblioteche dedicate al teatro$v21 702 1$aBIGNAMI$bPaola$3UONV125200 702 1$aTREZZINI$bLamberto$3UONV197847 710 02$aCasa di Riposo Lyda Borelli$3UONV197863$0704348 712 $aIl Nove$3UONV246114$4650 801 $aIT$bSOL$c20260206$gRICA 899 $aSIBA - SISTEMA BIBLIOTECARIO DI ATENEO E ARCHIVIO STORICO$2UONSI 912 $aUON00383624 950 $aSIBA - SISTEMA BIBLIOTECARIO DI ATENEO E ARCHIVIO STORICO$dSI Teat 792 B GAN BIG $eSI LO 74906 5 Dono prof. Claudio Vicentini 996 $aTitoli d'attore$91353196 997 $aUNIOR